Washington True or False? - Statistics

General Stats
  • This quiz has been taken 134 times
  • The average score is 10 of 15
Answer Stats
Question Answer % Correct
Washington has the most airports compared to any other state False
100%
Washington is the only state to be named after a president True
100%
Washington shares a small oversea land border with Alaska False
88%
The state flag of Washington consists mainly of shades of blue False
75%
Temperatures in Washington can range from -3°F (-19°C) to 50°F (10°C) on average False
75%
Amazon is based in Seattle True
75%
Seattle was a large point of departure for U.S. soldiers during World War II True
75%
Washington gained statehood in 1889, just three days after Montana True
75%
Despite recent complaints, Washington remains the lowest state for fire safety coverage False
50%
The iconic women pilot, Amelia Earhart, was born in Washington during 1894 False
50%
During a concert in Olympia in the mid 1900's, the largest amount of sound waves ever were recorded False
50%
The state of Washington has more glaciers than all of the other contiguous states combined True
50%
The oldest gas station still working in the U.S. is in Washington True
50%
The first recorded European landing in Washington was achieved by a Spanish captain in 1775 True
50%
The name was changed from originally being Columbia to prevent confusion with the D.C. True
38%
No matching quizzes found
Score Distribution
Percent of People with Each Score
Percentile by Number Answered
Your Score History
You have not taken this quiz